000 01031nam a2200265Ia 4500
003 OSt
005 20220923211306.0
006 a|||||r|||| 00| 0
007 ta
008 220922b |||||||| |||| 00| 0 hin d
020 _a9788179751343 (hbk)
_c495
024 _a281,080
037 _bIN1063, 05/03/2014, Anamika Publishers & Distributor Pvt. Ltd.
_cTextual
040 _aARTS
_cARTS
_bhin
041 _2hin
_ahin
082 _aO152v, Q3
100 _aचतुर्वेदी, जगदीश्वर
245 0 _aसाहित्य का इतिहास दर्शन
246 _aSāhitya kā itihās darshana
260 _aनई दिल्ली
_b अनामिका पब्लिशर्स
_c2013
300 _a203पृ.
_ccm.
650 _aहिन्दी साहित्य
_9156264
942 _hO152v, Q3
_cTEXL
_2CC
999 _c298191
_d298191